00358nam a2200133Ia 4500008004100000020001500041041001200056082001600068100001700084245006600101260003500167300000800202650001400210221030s9999 xx 000 0 und d a817758880X aEnglish a105.23bDun aM. H. Dunham 0aData Mining - Introductory & Advanced Topicscby M. H. Dunham bPearson EducationaDelhic2006 a315 aComputers